1992 1465 1916 1389 1564 1124 1211 1930 1812 1132 1390 1016 1708 1714 1374 1147 1383 1790 1869 1131 1398 1162 1591 1568 1188 1345 1677 1940 1301 1575 1937 1040 1335 1620 1007 1637 1007 1014 1891 1001 1282 1658 1709 1344 1252 1684 1642 1509 1553 1181 1881 1967 1618 1486 1563 1589 1834 1805 1845 1552 1068 1285 1960 1688 1924 1073 1688 1692 1020 1816 1664 1429 1651 1040 1383 1593 1828 1162 1673 1299 1719 1401 1411 1713 1269 1015 1932 1431 1680 1078 1063 1515 1550 1678 1526 1820 1348 1651 1313 BCNSPRNW ULIB Ver.6.0+V

เปลี่ยนเป็นภาษาไทย

Change to English
 แสดงรายละเอียดบรรณานุกรม
  กลับหน้าหลัก

Brief Record : Get Marc (ISO 2709) : E-mail record : QR code < ปิดหน้าต่าง
LEADER : 00000nam 2200000uu 4500
001    13399114363
003     ULIB
008    120326s||||||||th 000 0 tha d
020    ^a9786169070122
050  4 ^aPE1130.T45^bพ167G
100 0  ^aพจนีย์ เมืองศิลปศาสตร์
245 00 ^aGrammar ไม่น่าเบื่อ/^cพจนีย์ เมืองศิลปศาสตร์
250    ^aพิมพ์ครั้งที่ 1
260    ^aกรุงเทพฯ:^bพราว,^c2554
300    ^a411 หน้า :^bภาพประกอบ
650  7 ^aภาษาอังกฤษ^xไวยากรณ์
650  7 ^aEnglish grammar
945    ^p220^l0^i031446
945    ^p220^l0^i031447
945    ^p220^l0^i032139
995    ^aเกษร
999    ^aใช้งานได้ทุกระบบ
รายการนี้ยังไม่มีแท็ก
คุณยังไม่ได้ล็อกอิน คุณสามารถมีกิจกรรมร่วมกับเว็บไซต์ได้ แต่ต้องล็อกอินก่อน ::
  ล็อกอิน

รายการสื่อสารสนเทศ

ลำดับที่ ประเภท เลขเรียก/บาร์โค้ด สถานที่ สถานะ
- ไม่พบข้อมูล -

รายการใกล้เคียง
    หัวเรื่อง [English grammar]

BibComment


ยังไม่เคยถูกคอมเมนท์

คอมเมนท์ทรัพยากรรายการนี้
  คอมเมนท์: Grammar ไม่น่าเบ..


 Copyright 2026. Bcnsprnw @Library